[Event "SLO-chT2 East"]
[Site "Slovenia"]
[Date "2014.09.27"]
[Round "2"]
[White "Regancin, Rudi"]
[Black "Grah, Matej"]
[Result "0-1"]
[WhiteElo "1945"]
[BlackElo "1834"]
[PlyCount "54"]
[EventDate "2014.09.13"]
[EventType "team-tourn"]
[EventRounds "9"]
[EventCountry "SLO"]
[SourceTitle "EXT 2019"]
[Source "ChessBase"]
[SourceDate "2018.10.10"]
[SourceVersion "1"]
[SourceVersionDate "2018.10.10"]
[SourceQuality "1"]
[WhiteTeam "Zagorje ob Savi"]
[BlackTeam "Pomgrad Radenska III"]
[WhiteTeamCountry "SLO"]
[BlackTeamCountry "SLO"]

1. Nf3 c6 2. c4 Nf6 3. Nc3 d5 4. e3 Nbd7 5. d4 Qc7 6. Be2 Nb6 7. b3 e6 8. c5 Nbd7 9. Bb2 e5 10. dxe5 Nxe5 11. Nxe5 Qxe5 12. Na4 Qg5 13. Bf3 Ne4 14. Bd4 f5 15. g3 Be7 16. h4 Qh6 17. Bh5+ Kd8 18. Bf3 Rf8 19. Rc1 Bf6 20. Nb2 Re8 21. b4 f4 22. Bxe4 Rxe4 23. Bxf6+ Qxf6 24. Qd2 fxe3 25. fxe3 Qf3 26. Rh2 Rxe3+ 27. Re2 Qxg3+ 0-1

[Event "SLO-chT2 East"]
[Site "Brezice Maribor"]
[Date "2012.11.03"]
[Round "7"]
[White "Regancin, Rudi"]
[Black "Hevir, Vladimir"]
[Result "0-1"]
[WhiteElo "1968"]
[BlackElo "1950"]
[PlyCount "70"]
[EventDate "2012.09.08"]
[EventType "team-tourn"]
[EventRounds "9"]
[EventCountry "SLO"]
[SourceTitle "EXT 2022"]
[Source "ChessBase"]
[SourceDate "2021.10.06"]
[SourceVersion "1"]
[SourceVersionDate "2021.10.06"]
[SourceQuality "1"]

1. e4 c5 2. Nf3 Nc6 3. d4 cxd4 4. Nxd4 Nf6 5. Nc3 g6 6. Be3 Bg7 7. f3 0-0 8. Qd2 d6 9. g4 Bd7 10. Be2 Rc8 11. g5 Nh5 12. Nb3 Ne5 13. Nd1 Bb5 14. c3 Bxe2 15. Qxe2 Nc4 16. Bc1 a5 17. Nd4 Qb6 18. b3 Bxd4 19. bxc4 Bg7 20. Be3 Qc6 21. Rb1 f5 22. gxf6 Rxf6 23. 0-0 Nf4 24. Qd2 Rcf8 25. Bxf4 Rxf4 26. Qd5+ Qxd5 27. cxd5 Rxf3 28. Rxf3 Rxf3 29. Rxb7 Kf7 30. Rc7 Rd3 31. Nf2 Rd2 32. a4 Rc2 33. Kf1 Be5 34. h3 h5 35. Kg2 Bd4 0-1

[Event "SLO-chT2 East"]
[Site "Brezice Maribor"]
[Date "2012.10.06"]
[Round "3"]
[White "Zorko, Joze"]
[Black "Regancin, Rudi"]
[Result "1-0"]
[WhiteElo "2138"]
[BlackElo "1968"]
[PlyCount "151"]
[EventDate "2012.09.08"]
[EventType "team-tourn"]
[EventRounds "9"]
[EventCountry "SLO"]
[SourceTitle "EXT 2022"]
[Source "ChessBase"]
[SourceDate "2021.10.06"]
[SourceVersion "1"]
[SourceVersionDate "2021.10.06"]
[SourceQuality "1"]

1. e4 e5 2. Nf3 Nc6 3. d4 exd4 4. Nxd4 Qf6 5. Nxc6 Qxc6 6. Bd3 g6 7. 0-0 Bg7 8. Nc3 Ne7 9. Bg5 h6 10. Bxe7 Kxe7 11. Nd5+ Kf8 12. c3 Qd6 13. f4 c6 14. Ne3 Qc5 15. Qf3 d6 16. Kh1 h5 17. Rae1 Kg8 18. f5 g5 19. f6 Bf8 20. e5 g4 21. Qd1 dxe5 22. Bf5 Qd6 23. Qe2 Bh6 24. Nxg4 Bxf5 25. Nxh6+ Rxh6 26. Rxf5 Rg6 27. Rxe5 Qxf6 28. Qxh5 Kg7 29. Rf5 Qd6 30. Ref1 f6 31. Qf3 Rd8 32. Rf4 Re8 33. Rd4 Qe6 34. Qd3 Re7 35. g3 Rh6 36. Qd2 Qh3 37. Rd1 Rg6 38. Rd7 Qe6 39. Rxe7+ Qxe7 40. Qd7 Kf7 41. Qf5 Rg5 42. Qh7+ Rg7 43. Qh5+ Rg6 44. Qh7+ Rg7 45. Qd3 Rg5 46. h4 Rg4 47. Qh7+ Rg7 48. Qf5 Kg8 49. Qc8+ Kh7 50. Qf5+ Kg8 51. Qf4 Kh7 52. Rf1 Rf7 53. Qf5+ Kg8 54. Rf4 Rg7 55. Kh2 Qe8 56. Rf2 Qe3 57. Qf4 Qd3 58. Rd2 Qg6 59. Rd8+ Kh7 60. Rd4 c5 61. Rd2 b6 62. Rf2 Kg8 63. Re2 Kh7 64. Qe4 f5 65. Qf4 Qf6 66. Rf2 Rf7 67. Rd2 Re7 68. Rd6 Qf8 69. Rc6 Re2+ 70. Kh3 Re7 71. Qg5 Rg7 72. Qh5+ Kg8 73. Rh6 Rxg3+ 74. Kxg3 Qb8+ 75. Kg2 Qf4 76. Rg6+ 1-0

[Event "SLO-chT2 Ost"]
[Site "Slovenia"]
[Date "2010.10.09"]
[Round "7"]
[White "Janzekovic, Klemen Tilen"]
[Black "Regancin, Rudi"]
[Result "1-0"]
[WhiteElo "1897"]
[BlackElo "1951"]
[PlyCount "65"]
[EventDate "2010.05.29"]
[EventType "team-tourn"]
[EventRounds "9"]
[EventCountry "SLO"]
[SourceTitle "EXT 2022"]
[Source "ChessBase"]
[SourceDate "2021.10.06"]
[SourceVersion "1"]
[SourceVersionDate "2021.10.06"]
[SourceQuality "1"]

1. e4 e5 2. Nf3 Nc6 3. Bb5 f5 4. d3 Nf6 5. Nc3 Bb4 6. Bc4 d5 7. exd5 Nxd5 8. Bd2 Bxc3 9. bxc3 0-0 10. Bb3 h6 11. 0-0 Kh7 12. Re1 Re8 13. Ng5+ Kg6 14. Nh3 Nf6 15. f4 e4 16. d4 Ne7 17. Qe2 c6 18. Qf2 Kh7 19. Qg3 Rf8 20. Ng5+ hxg5 21. Qxg5 Nfd5 22. c4 Nf6 23. Bc3 a5 24. a4 Be6 25. Re3 Neg8 26. h3 Qe8 27. Rg3 Qf7 28. d5 cxd5 29. cxd5 Bd7 30. d6 Rac8 31. Bxf7 Rxf7 32. Qg6+ Kh8 33. Qxf7 1-0

[Event "SLO-chT2 Ost"]
[Site "Slovenia"]
[Date "2010.06.05"]
[Round "3"]
[White "Regancin, Rudi"]
[Black "Bukovec, Tina"]
[Result "1-0"]
[WhiteElo "1951"]
[BlackElo "1870"]
[PlyCount "107"]
[EventDate "2010.05.29"]
[EventType "team-tourn"]
[EventRounds "9"]
[EventCountry "SLO"]
[SourceTitle "EXT 2022"]
[Source "ChessBase"]
[SourceDate "2021.10.06"]
[SourceVersion "1"]
[SourceVersionDate "2021.10.06"]
[SourceQuality "1"]

1. e4 g6 2. d4 Bg7 3. Be3 c6 4. Nd2 d5 5. e5 Nh6 6. f4 Bg4 7. Ngf3 Nf5 8. Bf2 Bxf3 9. Qxf3 h5 10. Bd3 Qd7 11. Nb3 b6 12. h3 a5 13. a4 Na6 14. c3 Nc7 15. 0-0 e6 16. Rfd1 Qe7 17. Be1 f6 18. Qf2 fxe5 19. Bxf5 gxf5 20. fxe5 0-0-0 21. Nd2 Rdg8 22. Nf3 Bh6 23. Qe2 Bg5 24. b4 Qg7 25. Ra2 Kd7 26. bxa5 bxa5 27. Rb1 Rb8 28. Rab2 Rxb2 29. Rxb2 Rg8 30. Kh1 Bc1 31. Rb1 Ba3 32. Rb7 Kc8 33. Rb3 Bc1 34. Bh4 Qh6 35. c4 dxc4 36. Qxc4 Qg6 37. Qc2 f4 38. Qe2 Be3 39. Qb2 Kd7 40. Rb7 Bc1 41. Qe2 Be3 42. Be1 Kc8 43. Rb2 Kd7 44. Qc4 Qe4 45. Bxa5 Qd5 46. Qc3 Ra8 47. Bxc7 Kxc7 48. Qb4 Qa5 49. Qd6+ Kc8 50. Qxe6+ Kc7 51. Qd6+ Kc8 52. Qxc6+ Kd8 53. Rb7 Qxa4 54. Qc7+ 1-0

[Event "SLO-chT1 East"]
[Site "Celje"]
[Date "2007.11.21"]
[Round "9"]
[White "Pukl, Daniel"]
[Black "Regancin, Rudi"]
[Result "1/2-1/2"]
[WhiteElo "2158"]
[BlackElo "1981"]
[PlyCount "49"]
[EventDate "2007.11.11"]
[EventType "team-tourn"]
[EventRounds "9"]
[EventCountry "SLO"]
[SourceTitle "EXT 2010"]
[Source "ChessBase"]
[SourceDate "2010.11.25"]
[SourceVersion "1"]
[SourceVersionDate "2010.11.25"]
[SourceQuality "1"]

1. d4 Nf6 2. c4 e5 3. dxe5 Ng4 4. Nf3 Nc6 5. e3 Bb4+ 6. Bd2 Bxd2+ 7. Qxd2 Ngxe5 8. Nxe5 Nxe5 9. Nc3 d6 10. 0-0-0 b6 11. f4 Nd7 12. e4 0-0 13. g3 Bb7 14. Bg2 Re8 15. Rhe1 a5 16. Qf2 Nc5 17. Kb1 Qc8 18. f5 f6 19. g4 Bc6 20. h4 Re5 21. g5 Qf8 22. Qf4 Rae8 23. Bf3 Qe7 24. Rd4 a4 25. Kc2 1/2-1/2

[Event "SLO-chT1 East"]
[Site "Celje"]
[Date "2007.11.04"]
[Round "1"]
[White "Regancin, Rudi"]
[Black "Lasic, Luka"]
[Result "0-1"]
[WhiteElo "1981"]
[BlackElo "2234"]
[PlyCount "110"]
[EventDate "2007.11.11"]
[EventType "team-tourn"]
[EventRounds "9"]
[EventCountry "SLO"]
[SourceTitle "EXT 2010"]
[Source "ChessBase"]
[SourceDate "2010.11.25"]
[SourceVersion "1"]
[SourceVersionDate "2010.11.25"]
[SourceQuality "1"]

1. e4 c5 2. Nf3 Nc6 3. d4 cxd4 4. Nxd4 Nf6 5. Nc3 d6 6. f3 e5 7. Nb3 Be6 8. Nd5 Rc8 9. c3 Bxd5 10. exd5 Ne7 11. c4 Ng6 12. Be3 b6 13. Nd2 Be7 14. Qa4+ Qd7 15. Qxd7+ Nxd7 16. Bd3 0-0 17. Bf5 Rc7 18. g3 Nh8 19. Rc1 g6 20. Bxd7 Rxd7 21. Ke2 f5 22. f4 Nf7 23. h4 Bf6 24. b3 Re8 25. Kf3 Rde7 26. Bf2 e4+ 27. Ke3 Nh6 28. Be1 Ng4+ 29. Ke2 Bd4 30. Nb1 Rc8 31. Bc3 Bf2 32. Be1 Be3 33. Bd2 Bf2 34. Be1 Bc5 35. Nc3 a6 36. Nd1 Ba3 37. Rc3 Rec7 38. Ne3 Nxe3 39. Rxe3 Bc5 40. Rc3 b5 41. cxb5 axb5 42. Bd2 Ba3 43. Rxc7 Rxc7 44. Rb1 Rc2 45. Kd1 Rxa2 46. b4 Bb2 47. Be1 Kf7 48. Kc2 Bd4+ 49. Kb3 Ra1 50. Rxa1 Bxa1 51. Kc2 Kg7 52. Kd1 Kh6 53. Ke2 Kh5 54. Kf2 Kg4 55. Kg2 e3 0-1

[Event "SLO-ch qual"]
[Site "Ljubljana"]
[Date "2007.07.13"]
[Round "7"]
[White "Regancin, Rudi"]
[Black "Flander, Nejc"]
[Result "0-1"]
[WhiteElo "2033"]
[BlackElo "1636"]
[PlyCount "108"]
[EventDate "2007.07.05"]
[EventType "swiss"]
[EventRounds "9"]
[EventCountry "SLO"]
[SourceTitle "EXT 2010"]
[Source "ChessBase"]
[SourceDate "2010.11.25"]
[SourceVersion "1"]
[SourceVersionDate "2010.11.25"]
[SourceQuality "1"]

1. e4 e5 2. f4 exf4 3. Bc4 d6 4. d4 Nf6 5. Bxf4 Nxe4 6. Qe2 Qe7 7. Nf3 Nf6 8. Nc3 Qxe2+ 9. Kxe2 Bg4 10. Rhe1 Be7 11. Kf2 Bxf3 12. gxf3 Kf8 13. Nb5 Nbd7 14. Re2 Nh5 15. Bd2 c6 16. Nc3 d5 17. Bd3 Bd6 18. Bf5 Nb6 19. Kg1 Nf4 20. Bxf4 Bxf4 21. Rae1 g6 22. Bh3 Bg5 23. Rf1 Re8 24. Rxe8+ Kxe8 25. Ne2 Nc4 26. f4 Bf6 27. Rf3 Kd8 28. f5 g5 29. Rd3 Re8 30. Kf2 Kc7 31. b3 Nd6 32. Bg4 h5 33. Bxh5 Rh8 34. Ng3 Ne4+ 35. Nxe4 dxe4 36. Rh3 Bxd4+ 37. Kg2 f6 38. Be2 Rxh3 39. Kxh3 Kd6 40. Kg4 Kc5 41. h4 gxh4 42. Kxh4 Kb4 43. Kg4 Be5 44. c4 Kc3 45. c5 Kd2 46. Bc4 Ke3 47. a4 Kf2 48. Kh5 e3 49. Kg6 e2 50. Bxe2 Kxe2 51. Kf7 Bd4 52. b4 Kd3 53. b5 Bxc5 54. Kxf6 Bd4+ 0-1

[Event "SLO-chT2 East"]
[Site "Velenje"]
[Date "2006.10.22"]
[Round "8"]
[White "Supancic, Gorazd"]
[Black "Regancin, Rudi"]
[Result "1/2-1/2"]
[WhiteElo "2009"]
[BlackElo "2033"]
[PlyCount "21"]
[EventDate "2006.05.21"]
[EventType "team"]
[EventRounds "9"]
[EventCountry "SLO"]
[SourceTitle "EXT 2008"]
[Source "ChessBase"]
[SourceDate "2007.11.25"]
[SourceVersion "1"]
[SourceVersionDate "2007.11.25"]
[SourceQuality "1"]

1. Nf3 e6 2. d4 c5 3. c4 cxd4 4. Nxd4 Nc6 5. g3 Bb4+ 6. Nc3 Qf6 7. Ndb5 Bxc3+ 8. Nxc3 Nge7 9. Bg2 0-0 10. 0-0 Rd8 11. Ne4 1/2-1/2

[Event "SLO-chT2 East"]
[Site "Velenje"]
[Date "2006.06.06"]
[Round "3"]
[White "Ahmatovic, Mirela"]
[Black "Regancin, Rudi"]
[Result "0-1"]
[WhiteElo "1960"]
[BlackElo "2033"]
[PlyCount "90"]
[EventDate "2006.05.21"]
[EventType "team"]
[EventRounds "9"]
[EventCountry "SLO"]
[SourceTitle "EXT 2008"]
[Source "ChessBase"]
[SourceDate "2007.11.25"]
[SourceVersion "1"]
[SourceVersionDate "2007.11.25"]
[SourceQuality "1"]

1. c4 Nf6 2. Nc3 e5 3. g3 Nc6 4. Bg2 Bc5 5. e3 0-0 6. Nge2 Re8 7. 0-0 d6 8. d4 Bb6 9. a3 a5 10. Qd3 Bg4 11. f3 Bh5 12. b3 Bg6 13. Qd2 h6 14. Bb2 Qd7 15. Kh1 Rad8 16. Rad1 e4 17. Nf4 exf3 18. Bxf3 Ne4 19. Qe1 Nxc3 20. Qxc3 Be4 21. Bxe4 Rxe4 22. c5 Ba7 23. Rd2 d5 24. Rdf2 f6 25. Qd3 Qe8 26. Bc1 Ne7 27. Bd2 b6 28. b4 axb4 29. axb4 bxc5 30. bxc5 c6 31. Ne2 Bb8 32. Nf4 Bc7 33. Ra1 Ra8 34. Rff1 Bxf4 35. gxf4 Nf5 36. Rxa8 Qxa8 37. Rb1 Qe8 38. Rb3 Qh5 39. Bc1 Qf3+ 40. Kg1 Qg4+ 41. Kf1 Qh3+ 42. Kg1 Nh4 43. Rb2 Qg4+ 44. Kh1 Qf3+ 45. Kg1 Rxf4 0-1

[Event "SLO-chT2 East"]
[Site "Velenje"]
[Date "2005.11.23"]
[Round "8"]
[White "Bezjak, Janez"]
[Black "Regancin, Rudi"]
[Result "1/2-1/2"]
[WhiteElo "1996"]
[BlackElo "2045"]
[PlyCount "95"]
[EventDate "2005.05.27"]
[EventType "team"]
[EventRounds "9"]
[EventCountry "SLO"]
[SourceTitle "EXT 2009"]
[Source "ChessBase"]
[SourceDate "2008.11.26"]
[SourceVersion "1"]
[SourceVersionDate "2008.11.26"]
[SourceQuality "1"]

1. e4 e5 2. Nf3 f5 3. d4 fxe4 4. Nxe5 Nf6 5. Be2 d6 6. Ng4 c6 7. Nc3 Bf5 8. 0-0 Nbd7 9. f3 d5 10. fxe4 Bxe4 11. Nxe4 Nxe4 12. Bd3 Nef6 13. Re1+ Be7 14. Nxf6+ Nxf6 15. Qe2 Kf8 16. Bg5 Qc7 17. c3 Bd6 18. h3 Re8 19. Qf3 Qf7 20. Rf1 Be7 21. Rae1 Bd8 22. Re5 h6 23. Bh4 g5 24. Bg3 Kg7 25. Rf5 Re6 26. Be5 Rf8 27. c4 Qd7 28. cxd5 cxd5 29. Qxd5 Qxd5 30. Bxf6+ Rexf6 31. Rxd5 Rxf1+ 32. Bxf1 Bf6 33. b3 Rd8 34. Rxd8 Bxd8 35. Kf2 Kf6 36. Ke3 h5 37. Be2 h4 38. b4 b6 39. b5 Ke6 40. Ke4 Kd6 41. Bc4 Be7 42. Kf5 Bd8 43. Kg6 Be7 44. Kf7 Bd8 45. a4 Be7 46. Bb3 Bd8 47. Ke8 Bf6 48. Bd1 1/2-1/2

[Event "Ljubljana op 16th"]
[Site "Ljubljana"]
[Date "2005.07.12"]
[Round "5"]
[White "Navinsek, Thomaz"]
[Black "Regancin, Rudi"]
[Result "1-0"]
[WhiteElo "2325"]
[BlackElo "2045"]
[PlyCount "123"]
[EventDate "2005.07.09"]
[EventType "swiss"]
[EventRounds "9"]
[EventCountry "SLO"]
[SourceTitle "CBM 107 Extra"]
[Source "ChessBase"]
[SourceDate "2005.09.01"]
[SourceVersion "1"]
[SourceVersionDate "2005.09.01"]
[SourceQuality "1"]

1. g3 Nf6 2. Bg2 d5 3. Nf3 g6 4. b3 Bg7 5. Bb2 0-0 6. 0-0 b6 7. c4 e6 8. Ne5 Bb7 9. Nc3 Nbd7 10. d4 c5 11. e3 a6 12. Rc1 Rb8 13. cxd5 Nxe5 14. dxe5 Nxd5 15. Ne4 Qe7 16. Qe2 a5 17. Nd6 Bc6 18. e4 Nc7 19. f4 Rfd8 20. Rf2 Ne8 21. Nc4 Bb5 22. Rcf1 Bxc4 23. bxc4 Rb7 24. Bc3 Qd7 25. Rb1 Bh6 26. h4 Qc6 27. Bf1 Rbd7 28. Qf3 Nc7 29. Rfb2 Na8 30. g4 Qa4 31. g5 Bg7 32. Be2 Qc6 33. Kf2 Re8 34. h5 Qc7 35. h6 Bf8 36. Qe3 Qc6 37. Bd1 a4 38. Bc2 Red8 39. Ke2 Ra7 40. a3 Rad7 41. Rb5 Ra7 42. Kf3 Be7 43. Kg4 Qc7 44. f5 Qc6 45. Qf3 exf5+ 46. exf5 Qxf3+ 47. Kxf3 Bxg5 48. Rh1 Bd2 49. Ba1 Bg5 50. Rbb1 Rd2 51. Be4 Kf8 52. f6 Rd8 53. Rhd1 Rc8 54. Rd6 Nc7 55. Rd7 Nb5 56. Rxa7 Nxa7 57. Rxb6 Rd8 58. Rb7 Nc8 59. Bd5 Kg8 60. Rxf7 Kh8 61. Rd7 Rxd7 62. e6 1-0